The Michigan State budget : fiscal year 2000-01 through fiscal year 2005-06 : six years of significant change /
Saved in:
| 主要作者: | |
|---|---|
| 企业作者: | |
| 其他作者: | |
| 格式: | 电子书 |
| 语言: | English |
| 出版: |
Lansing, Mich. :
Senate Fiscal Agency,
[2007]
|
| 丛编: | Issue paper / Senate Fiscal Agency
|
| 主题: | |
| 标签: |
添加标签
没有标签, 成为第一个标记此记录!
|
| LEADER | 01426nam a2200337 a 4500 | ||
|---|---|---|---|
| 001 | MIU01-008564014 | ||
| 003 | MiU | ||
| 005 | 20100901141951.0 | ||
| 006 | m d ||||| | ||
| 007 | cr bn ---auaua | ||
| 008 | 080718s2007 miua s000 0 eng d | ||
| 035 | |a (OCoLC)234239248 | ||
| 035 | |a (OCoLC)ocn234239248 | ||
| 035 | |a sdr-umdb.b13109236 | ||
| 038 | |a MiU | ||
| 040 | |a EYD |c EYD | ||
| 050 | 0 | 0 | |a HJ2053.M5 |b O446 2007 |
| 100 | 1 | |a Olson, Gary S. | |
| 245 | 1 | 4 | |a The Michigan State budget : |b fiscal year 2000-01 through fiscal year 2005-06 : six years of significant change / |c by Gary S. Olson, Briana Kleidon. |
| 260 | |a Lansing, Mich. : |b Senate Fiscal Agency, |c [2007] | ||
| 300 | |a 26 p. : |b ill. ; |c 22 x 28 cm. | ||
| 490 | 0 | |a Issue paper / Senate Fiscal Agency | |
| 500 | |a Cover title. | ||
| 500 | |a "November 2007." | ||
| 538 | |a Mode of access: Internet. | ||
| 588 | |a This bibliographic record is available under the Creative Commons CC0 public domain dedication. The University of Michigan Libraries, as creator of this bibliographic record, has waived all rights to it worldwide under copyright law, including all related and neighboring rights, to the extent allowed by law. | ||
| 650 | 0 | |a Budget |z Michigan. | |
| 651 | 0 | |a Michigan |x Appropriations and expenditures. | |
| 650 | 0 | |a Government spending policy |z Michigan. | |
| 700 | 1 | |a Kleidon, Briana. | |
| 710 | 1 | |a Michigan. |b Legislature. |b Senate. |b Fiscal Agency. | |


